000 01030nam a2200301 i 4500
001 000016543
003 DO-SdBNP
005 20251010102609.0
007 ta
008 100308s1985 dr 000 0 spa d
040 _aDO-SdBNP
_bspa
_cBNPHU
_erda
041 _aspa
049 _aBNPD
082 4 _a352.48
_bR426m 1985
_222
110 1 _aRepública Dominicana
_bSecretariado Técnico de la Presidencia
_cOficina Nacional de Presupuesto
_932266
245 1 0 _aManual de clasificaciones presupuestarias 1985.
250 _aOctava edición
264 1 _aSanto Domingo :
_bSecretariado Técnico de la Presidencia,
_c1985.
300 _a156 páginas ;
_c22 cm.
336 _atexto
_btxt
_2rdacontent
337 _asin mediación
_bn
_2rdamedia
338 _avolumen
_bnc
_2rdacarrier
500 _aIncluye referencias bibliográficas y notas al pie de las páginas
590 _aInventariado, 2025/BT
650 4 _aPresupuesto
_xClasificación
_935882
650 4 _aPresupuesto
_zRepública Dominicana
_97940
942 _2ddc
_cLBS1
999 _c16076
_d16076